00529nam a2200193 a 4500001001300000003000900013005001700022008004100039020002300080082002300103100001900126245005100145260003700196300000900233500003500242505003100277650000800308700001900316nice12345678IN_TiNIC20260116013744.0050524s1997 newa grp 000 0 eng  a8185990 c21000a320.550917645bGOE aGoel, Sita Ram aTime for Stock Takingb Whither Sangh Parivar? aNew DelhibVoice of India c1997 a468p aincludes index and biblioraphy2 aGlossary, Reference, Index aRSS1 aGoel, Sita Ram